| 000 | 00465nam a2200157 i 4500 | ||
|---|---|---|---|
| 001 | 61657 | ||
| 003 | ES-MaACL | ||
| 005 | 20230906164519.0 | ||
| 007 | t| | ||
| 008 | 031113s1953 sp ||||1| spa d | ||
| 100 | 1 |
_aFaraldo, Ramón. _948826 |
|
| 245 | 1 | 0 |
_aEspectáculo de la Pintura española / _cRamón D. Faraldo. |
| 260 |
_a[S.l.] : _bCigüena, _c1953] ( _eMadrid : _fEscelicer) |
||
| 300 |
_a210 p., 51 lám. ; _c32 cm. |
||
| 852 |
_aES-MaACL _jF-15356 _bR.43943 |
||
| 999 |
_c61657 _d61657 |
||